| 000 | 05325cam a22005777i 4500 | ||
|---|---|---|---|
| 999 |
_c233305 _d233305 |
||
| 001 | 17945263 | ||
| 003 | Nust | ||
| 005 | 20170331125031.0 | ||
| 008 | 131118t20142014nyua b 001 0 eng | ||
| 010 | _a 2013955604 | ||
| 015 |
_aGBB395485 _2bnb |
||
| 016 | 7 |
_a101629788 _2DNLM |
|
| 020 | _z3-527-31018-5 | ||
| 035 | _a(OCoLC)ocn861359530 | ||
| 040 | _cASAB | ||
| 042 |
_anlmcopyc _alccopycat |
||
| 050 | 0 | 0 |
_aRD123.5 _b.B66 2014 |
| 060 | 0 | 0 |
_aW1 _bME9616J v.1109 2014 |
| 060 | 1 | 0 | _aWH 380 |
| 082 | 0 | 4 |
_a617.4410592 _223 |
| 245 | 0 | 0 |
_astem cell transplantation / _cedited by A.D. Ho, R. Hoffman and E.D. Zanjani _bbiology, processes, therapy |
| 264 | 4 | _c©2014 | |
| 300 |
_ax, 268 pages : _billustrations _c27 cm. |
||
| 336 |
_atext _btxt _2rdacontent |
||
| 337 |
_aunmediated _bn _2rdamedia |
||
| 338 |
_avolume _bnc _2rdacarrier |
||
| 490 | 1 |
_aMethods in molecular biology, _x1064-3745 ; _vv. 1109 |
|
| 490 | 1 |
_aSpringer protocols, _x1949-2448 |
|
| 906 |
_a7 _bcbc _ccopycat _d2 _eepcn _f20 _gy-gencatlg |
||
| 942 |
_2ddc _cBK |
||